Ciudadanía fragmentada : (Record no. 211344)

MARC details
000 -CABECERA
campo de control de longitud fija 01189nam a22002777a 4500
003 - IDENTIFICADOR DEL NÚMERO DE CONTROL
campo de control MX-MxUPN
005 - FECHA Y HORA DE LA ÚLTIMA TRANSACCIÓN
campo de control 20240806064240.0
008 - ELEMENTOS DE LONGITUD FIJA--INFORMACIÓN GENERAL
campo de control de longitud fija 240617s2014 mx|a|||fr|||| 000 0 spa d
020 ## - NÚMERO INTERNACIONAL NORMALIZADO PARA LIBROS
Número Internacional Estándar del Libro 9786079348717
040 ## - FUENTE DE LA CATALOGACIÓN
Centro catalogador/agencia de origen MX-MxUPN
Lengua de catalogación spa
041 0# - CÓDIGO DE IDIOMA
Código de lengua del texto/banda sonora o título independiente spa
050 #4 - SIGNATURA TOPOGRÁFICA DE LA BIBLIOTECA DEL CONGRESO
Número de clasificación HM881
Número de documento/Ítem C58 2014
245 00 - MENCIÓN DE TÍTULO
Título Ciudadanía fragmentada :
Resto del título la sociabilidad política entre la resistencia y la desafección
260 ## - PUBLICACIÓN, DISTRIBUCIÓN, ETC.
Lugar de publicación, distribución, etc. Tlaxcala, Tlax. :
Nombre del editor, distribuidor, etc. Universidad Autónoma de Tlaxcala, Centro de Investigaciones Interdisciplinarias sobre Desarrollo Regional ,
Fecha de publicación, distribución, etc. 2014.
300 ## - DESCRIPCIÓN FÍSICA
Extensión 245 páginas :
Otras características físicas gráficas
650 #2 - ASIENTO SECUNDARIO DE MATERIA - TERMINO TEMATICO
Término de materia o nombre geográfico como elemento de entrada Movimientos sociales
Subdivisión geográfica México
Subdivisión general Historia
Subdivisión cronológica Siglo XX
9 (RLIN) 2257
650 #4 - ASIENTO SECUNDARIO DE MATERIA - TERMINO TEMATICO
9 (RLIN) 52843
Término de materia o nombre geográfico como elemento de entrada Movimientos sociales
Subdivisión geográfica México
Subdivisión general Historia
Subdivisión cronológica Siglo XXI
651 #4 - ASIENTO SECUNDARIO DE MATERIA - NOMBRE GEOGRAFICO
9 (RLIN) 4442
Nombre geográfico México
Subdivisión general Política y gobierno
Subdivisión cronológica Siglo XX
651 #2 - ASIENTO SECUNDARIO DE MATERIA - NOMBRE GEOGRAFICO
9 (RLIN) 10456
Nombre geográfico México
Subdivisión general Política y gobierno
Subdivisión cronológica Siglo XXI
700 1# - ASIENTO SECUNDARIO--NOMBRE DE PERSONAL
9 (RLIN) 52835
Nombre de persona Mora Heredia, Juan
Término indicativo de función/relación coordinación
700 1# - ASIENTO SECUNDARIO--NOMBRE DE PERSONAL
9 (RLIN) 52837
Nombre de persona Alejandre Ramos, Gonzalo
Término indicativo de función/relación coordinación
700 1# - ASIENTO SECUNDARIO--NOMBRE DE PERSONAL
9 (RLIN) 52839
Nombre de persona Bustamante López, Carlos
Término indicativo de función/relación coordinación
700 1# - ASIENTO SECUNDARIO--NOMBRE DE PERSONAL
9 (RLIN) 52840
Nombre de persona Escobar Cruz, Claudio
Término indicativo de función/relación coordinación
902 ## - ELEMENTOS DE DATOS B LOCAL, LDB (RLIN)
Creó MarielOrtiz/170624
Modificó VíctorGodínez/050824
942 ## - ELEMENTOS DE PUNTO DE ACCESO ADICIONAL (KOHA)
Fuente del sistema de clasificación o colocación Library of Congress Classification
Tipo de ítem Koha Libro
Holdings
Estado de retiro Estado de pérdida Fuente del sistema de clasificación o colocación Estado dañado No para préstamo Código de colección Localización permanente Ubicación/localización actual Ubicación en estantería Fecha de adquisición Clasificación Código de barras Fecha visto por última vez Precio válido a partir de Tipo de ítem Koha Número de copia
    Library of Congress Classification     Colección General Bib. Gregorio Torres Quintero Bib. Gregorio Torres Quintero Planta baja 17/06/2024 HM881 C58 2014 339315 17/06/2024 17/06/2024 Libro  
    Library of Congress Classification     Colección General Bib. Gregorio Torres Quintero Bib. Gregorio Torres Quintero Planta baja 18/06/2024 HM881 C58 2014 339332 18/06/2024 18/06/2024 Libro Ej.2